Statistics for Formula 1 Grand Prix Winners (2000-2013)

Click here to take the quiz!

General Stats

  • This quiz has been taken 2,705 times
  • The average score is 15 of 19

Answer Stats

Answer% Correct
Lewis Hamilton
97%
Michael Schumacher
97%
Sebastian Vettel
97%
Fernando Alonso
96%
Ralf Schumacher
96%
Jenson Button
92%
Kimi Raikkonen
91%
Mark Webber
89%
Felipe Massa
87%
Rubens Barrichello
79%
Mika Hakkinen
78%
Nico Rosberg
75%
David Coulthard
70%
Juan Pablo Montoya
65%
Pastor Maldonado
63%
Giancarlo Fisichella
61%
Jarno Trulli
61%
Robert Kubica
60%
Heikki Kovalainen
58%

Score Distribution

Percentile by Number Answered

Percent of People with Each Score

Your Score History

You have not taken this quiz